[Event "Belgrade GMA op"]
[Site "Belgrade"]
[Date "1988.??.??"]
[Round "?"]
[White "Despotovic, Momcilo"]
[Black "Tringov, Georgi Petrov"]
[Result "1/2-1/2"]
[WhiteElo "2355"]
[BlackElo "2430"]
[Annotator "Stohl,I"]
[PlyCount "120"]
[EventDate "1988.12.??"]
[EventType "swiss"]
[EventRounds "9"]
[EventCountry "YUG"]
[SourceTitle "TD"]
[Source "ChessBase"]
[SourceDate "1994.03.01"]
[SourceVersion "1"]
[SourceVersionDate "1994.03.01"]
[SourceQuality "1"]

1. d4 Nf6 2. c4 g6 3. Nc3 Bg7 4. e4 d6 5. f3 O-O 6. Bg5 c5 7. d5 h6 8. Be3 e6
9. Qd2 exd5 10. cxd5 a6 11. a4 Nh7 12. Nge2 Nd7 13. Nd1 $5 $146 (13. Ng3) 13...
Ne5 14. Nec3 f5 15. Nf2 fxe4 (15... g5 $5) 16. Ncxe4 Rxf3 17. Be2 (17. Bxh6 $5)
17... Rxe3 $1 (17... Rf8 18. Bxh6 $36) 18. Qxe3 Nf7 19. Qd2 Nf6 20. Nc3 Ne5 21.
O-O Bf5 22. Rae1 $14 Qb6 23. Kh1 Qb4 24. g4 Ne4 $1 (24... Nfxg4 25. Nxg4 Bxg4
26. Rf4 $18) 25. Qf4 Nxf2+ 26. Rxf2 Qxf4 27. Rxf4 Bc2 28. Bf1 Bb3 29. h3 c4 30.
Re3 Rb8 $44 31. Ne4 (31. a5 b5 32. axb6 Rxb6 $13) 31... Bxa4 32. Nxd6 b5 33.
Ne4 Nd3 (33... Bc2 34. Nc5 $5 $36) 34. Bxd3 cxd3 35. Rxd3 Bxb2 36. Nc5 $5 (36.
d6 $14) 36... Bc2 37. Rd2 Bc1 38. Rff2 $1 Bxd2 39. Rxd2 Bb1 40. d6 Kf7 41. Rb2
$1 (41. d7 Rd8 42. Nb7 $4 Be4+ $19) 41... Rd8 $1 $8 42. Rxb1 Rxd6 $14 43. Ra1
b4 44. Kg2 (44. Nxa6 b3 45. Nc5 b2 46. Rb1 Rc6 47. Nd3 Rc3 48. Nxb2 Rxh3+ 49.
Kg2 Rb3 50. Rf1+ Kg7 $10) 44... Rc6 45. Nxa6 (45. Ra5 $5 $14) 45... Rc2+ 46.
Kf3 Rc3+ 47. Ke4 Rxh3 48. Nxb4 Rh4 $10 49. Ke5 (49. Kf3 h5 $10) 49... Rxg4 50.
Ra7+ Kf8 51. Nc6 Rg1 52. Kf6 Rf1+ 53. Kxg6 Rg1+ 54. Kf6 Rf1+ 55. Ke6 Re1+ 56.
Ne5 h5 57. Rh7 Kg8 58. Rxh5 Ra1 59. Rg5+ Kh7 60. Nf7 Ra6+ (60... Ra6+ 61. Kf5
Rf6+ $1 $10) 1/2-1/2

[Event "Hastings 9293"]
[Site "Hastings"]
[Date "1992.??.??"]
[Round "2"]
[White "Sadler, Matthew D"]
[Black "Crouch, Colin S"]
[Result "1/2-1/2"]
[WhiteElo "2515"]
[BlackElo "2425"]
[Annotator "Stohl,I"]
[PlyCount "75"]
[EventDate "1992.12.??"]
[EventType "tourn"]
[EventRounds "14"]
[EventCountry "ENG"]
[EventCategory "13"]
[SourceTitle "CBM 033"]
[Source "ChessBase"]
[SourceDate "1993.04.01"]
[SourceVersion "1"]
[SourceVersionDate "1993.04.01"]
[SourceQuality "1"]

1. d4 g6 2. e4 Bg7 3. c4 c5 4. d5 d6 5. Nc3 Nf6 6. f3 O-O 7. Bg5 h6 8. Be3 e6
9. Qd2 exd5 10. cxd5 h5 11. Nge2 (11. Be2 a6 12. a4 Re8 $1 (12... Nh7 13. Bd1
Nd7 14. Nge2 Rb8 15. a5 b5 16. axb6 Rxb6 17. O-O Ne5 18. b3 f5 19. Bc2 fxe4 20.
Nxe4 Nf7 21. Rae1 $16 {->׻,Yusupov,A-Dolmatov,S,Wijk cm 1991-CBM 22}) 13. h4 (
13. Bd1 Qa5 {/\b5} 14. Ra2 Nbd7 15. Nge2 Ne5 16. b3 c4 17. O-O cxb3 18. Bxb3
Nfd7 $132) 13... Nbd7 14. Nh3 Ne5 15. Nf2 Rb8 16. O-O Nh7 17. g3 b5 $1 18. axb5
axb5 19. Kg2 Bd7 20. Rfc1 $13 {Delaune,R-Fishbein,A,Philadelphia opI 1992-TD
92_05}) 11... Nbd7 (11... Re8 12. Nf4 Nbd7 13. Be2 Ne5 14. O-O a6 15. b3 b5 16.
Rac1 Bd7 (16... h4 $6 17. Nd1 Bd7 18. Nf2 a5 19. N4h3 c4 20. bxc4 Nxc4 21. Bxc4
bxc4 22. Bd4 $36 {><h4>>,Sadler,M-Polgar,J,Hastings 1992-CBM 33}) 17. Nd1 Nh7
$132) 12. Nc1 Ne5 (12... Re8 13. Be2 Nf8 $5 (13... Ne5 14. O-O Nh7 15. f4 $5
Ng4 16. Bxg4 Bxg4 17. h3 Bd7 18. N1e2 Rc8 19. f5 b5 20. a3 a5 $132 {Sokolov,
I-Marin,M,Manila olm 1992}) 14. O-O N6h7 15. Nd3 f5 16. Kh1 g5 17. g3 Ng6 18.
Rae1 Rf8 19. exf5 Bxf5 20. Nf2 Ne5 $13 {Plaskett,J-Renet,O,Reykjavik 1992-CBM
28}) 13. Be2 Nh7 14. O-O f5 15. f4 Nd7 $5 {N} (15... Nf7 16. e5 dxe5 17. Bxc5
Re8 18. Nd3 e4 19. Ne1 Nf6 20. Nc2 Bd7 21. h3 Qc7 $13 {Yusupov,A-Dolmatov,S,
Wijk cm 1991-CBM 22}) 16. exf5 gxf5 $8 (16... Rxf5 17. Bd3 $16) 17. Bxh5 b5 $5
(17... Nhf6 18. Bf3 Ng4 19. Bxg4 fxg4 20. N1e2 $16) (17... Nb6 18. b3 Bxc3 19.
Qxc3 Nxd5 20. Qc4 Be6 21. Bf3 Nhf6 22. Rd1 Nc7 23. Qc2 $16 {׻}) 18. Nxb5 Nhf6
19. Bf3 Nb6 20. Ne2 (20. b3 Ne4 $15) 20... Ba6 (20... Nc4 21. Qc1 Nxe3 22. Qxe3
Re8 (22... Ba6 $2 23. Qe6+) 23. Qd2 Ba6 24. a4 $16) 21. a4 (21. Nec3 Nc4 22.
Qe2 (22. Qf2 Bxb5 23. Nxb5 a6 24. Nc3 Ng4 $1 25. Bxg4 Nxe3 $17) 22... Re8 $5
23. Qxc4 Rxe3 $44) 21... Re8 (21... Nc4 22. Qc1 Nxe3 23. Qxe3 Re8 24. Qd2 $16)
22. Bf2 (22. b3 Qe7 (22... Ne4 $6 23. Bxe4 Bxa1 24. Bxf5 $40) 23. Bf2 Ne4 24.
Bxe4 Qxe4 25. Nec3 Qb4 $44) 22... Nxa4 23. Nxd6 $5 (23. Rxa4 Bxb5 $44) 23...
Qxd6 24. Rxa4 Bxe2 (24... Bb5 25. Ra3 {/\} Bxe2 26. Bxe2 Ne4 27. Qc2 Nxf2 28.
Rxf2 Bd4 29. Rg3+ Kh8 30. Qxf5 $1 $18 {/\Qh3#}) 25. Bxe2 Ne4 26. Qd3 Rab8 $1 (
26... Nxf2 27. Rxf2 Bd4 28. Rxd4 cxd4 29. Qxd4 $16) 27. Ra6 (27. b3 $2 Nc3 $17)
27... Qxf4 (27... Rb6 $5 28. Rxb6 Qxb6 {/\} 29. Be3 $2 c4) 28. Rg6 {/\Rg7,Bd4+-
} Nxf2 $8 29. Rxf2 Qd4 (29... Qc1+ 30. Rf1 Qxb2 31. Qxf5 Rxe2 32. Qf7+ Kh8 33.
Rxg7 $1 Qxg7 34. Qh5+ $18) 30. Qxf5 $2 (30. Kf1 Qxb2 $36) (30. Qxd4 $1 $14)
30... Rf8 $1 $10 (30... Rxe2 $2 31. Rxg7+ $1 Kxg7 32. Qg5+ $18 {/\Qh5-e2}) 31.
Qe6+ Kh7 (31... Kh8 32. Qh3+ Kg8 33. Qe6+ $10) 32. Bf3 $2 (32. Qh3+ $10 Kg8 (
32... Kxg6 $2 33. Qh5#) 33. Qe6+ $10) 32... Rxf3 $2 (32... Rxb2 $4 33. Rh6+ $3
Bxh6 34. Be4+ Kg7 35. Qg6+ $18) (32... Rbe8 $1 $19 33. Qh3+ (33. Rxg7+ Kxg7 34.
Qd7+ Kg8 $19) (33. Rh6+ Bxh6 34. Be4+ Qxe4 $1 $19) 33... Kxg6 34. Qh5+ (34.
Bh5+ Kg5 $19) 34... Kf6 35. Bg4+ Ke7 $19) 33. Rxg7+ (33. gxf3 Rxb2 34. Rxg7+
Kxg7 {cf.33.Rxg7+}) 33... Kxg7 $8 (33... Qxg7 34. Qe4+ Kg8 35. Rxf3 $18) 34.
Qe7+ $2 $19 (34. gxf3 $1 $15 Rxb2 35. Qg4+ Qxg4+ 36. fxg4 Rb4 $132 37. h3 a5 {
=/+/=}) 34... Kg6 $2 (34... Kh8 $1 35. gxf3 Rg8+ 36. Kf1 Qd1+ 37. Qe1 Rg1+ $19)
35. Qd6+ $2 (35. gxf3 Rxb2 36. Qe4+ Qxe4 37. fxe4 Rb4 38. Re2 Rd4 39. Kf2 Kf6
$1 40. e5+ Ke7 41. d6+ Ke6 $10) 35... Rf6 (35... Kh5 $1 36. gxf3 Rg8+ $19) 36.
Qg3+ Kf7 (36... Kh7 $1 37. Qc7+ Kh6) 37. Qc7+ Kg6 $19 (37... Kg8 $19 38. Qxb8+
Kh7 39. Qc7+ Kh6 40. Qg3 Qd1+ $19) 38. Qg3+ $19 (38. Qg3+ Kh7 $1 39. Qh3+ (39.
Qc7+ Kh6) 39... Rh6 40. Qd7+ (40. Qf5+ Kh8) 40... Kh8 $19) 1/2-1/2

[Event "Munich SKA"]
[Site "Munich"]
[Date "1993.??.??"]
[Round "11"]
[White "Jussupow, Artur"]
[Black "Gelfand, Boris"]
[Result "0-1"]
[WhiteElo "2645"]
[BlackElo "2690"]
[Annotator "Stohl,I"]
[PlyCount "108"]
[EventDate "1993.05.??"]
[EventType "tourn"]
[EventRounds "11"]
[EventCountry "GER"]
[EventCategory "16"]
[SourceTitle "CBM 036"]
[Source "ChessBase"]
[SourceDate "1993.10.01"]
[SourceVersion "1"]
[SourceVersionDate "1993.10.01"]
[SourceQuality "1"]

1. d4 Nf6 2. c4 g6 3. Nc3 Bg7 4. e4 d6 5. f3 O-O 6. Bg5 c5 7. d5 e6 8. Qd2 (8.
Nge2 h6 9. Be3 exd5 10. cxd5 Nbd7 11. Qd2 h5 12. Nf4 a6 13. Rc1 Ne5 14. b3 b5
15. Be2 Re8 16. O-O Bd7 17. Kh1 Qe7 18. Rfe1 h4 19. Nd1 a5 20. Nf2 b4 $132 {
Sulipa,A-Renet,O/Groningen op/1991/}) 8... h6 9. Be3 (9. Bxh6 $6 Nxe4 $1 10.
Nxe4 Qh4+ $36) 9... exd5 10. cxd5 a6 (10... Nh7 $6 11. Bd3 (11. Bxh6 $4 Qh4+
$19) (11. Nge2 a6 12. a4 Nd7 13. Nd1 Ne5 14. Nec3 f5 15. Nf2 fxe4 16. Ncxe4
Rxf3 17. Be2 Rxe3 $1 18. Qxe3 Nf7 19. Qd2 Nf6 20. Nc3 Ne5 21. O-O Bf5 $44 {
Despotovic,M-Tringov,G/Belgrade GMA-op/1988/}) 11... Nd7 12. f4 $1 a6 13. a4
Qa5 14. Nge2 b5 15. O-O b4 16. Nd1 Nb6 17. Nf2 f5 18. Rac1 {/\e5} Bb7 19. b3
Nf6 20. exf5 Nfxd5 21. f6 Nxf6 22. Bxg6 $40 {׻,Priehoda,V-Muhutdinov,M/Moscow
III/1990/}) (10... Nbd7 $6 11. Nh3 $1 $14 {/\Nf2}) 11. Rc1 $6 {N} (11. a4 h5
$13) 11... Re8 12. b3 b5 13. Bd3 (13. Nge2 Nbd7 14. Nf4 Ne5 $13) 13... b4 $5 (
13... Nbd7 $10) 14. Nd1 (14. Na4 $6 Nxd5 $1 15. exd5 Bd4 16. Be4 Bxe3 17. Qxe3
Kg7 $36 {/\f5}) 14... a5 15. Ne2 (15. Nb2 $2 Nxd5 16. exd5 Bxb2 $17) 15... a4
$132 {><b3,<->a} 16. O-O {/\Bh6} axb3 17. axb3 Kh7 18. Bf2 $6 (18. Nb2 Ra2 {
/\Ne4} 19. Rc2 $8 Ra3 (19... Nxd5 20. exd5 Rxb2 21. Rxb2 Bxb2 22. Bxh6 $13) 20.
Nc1 {/\Nc4} Nxd5 $1 21. exd5 Rxe3 22. Nc4 Rxd3 23. Qxd3 Bf5 $44) (18. Nf2 Nbd7
19. f4 $132) 18... Nbd7 19. Ne3 Nb6 $15 20. Rfe1 (20. Nc4 Nxc4 21. Bxc4 Ba6 $15
{><b3}) 20... Ra3 21. Bb5 $6 (21. Qc2 Ba6 $5 $15 (21... Nfd7 22. f4 $132))
21... Re7 22. Qd3 Rea7 $1 {<->a} 23. h3 Ba6 24. Bxa6 R7xa6 25. Bh4 Qe8 26. Bg3
(26. Bxf6 Bxf6 27. Nc4 Nxc4 28. Qxc4 Ra2 $36) 26... Qe7 $17 27. Bh4 Qa7 {/\c4-+
} 28. Kh1 Nfd7 29. f4 R6a5 $1 {/\Qa6} 30. e5 $5 dxe5 31. f5 c4 $1 32. fxg6+
fxg6 33. Nxc4 Rxd5 34. Qf3 e4 35. Qxe4 Nc5 36. Qe8 Rf5 $1 (36... Nxb3 $2 37.
Nf4 $40 {><g6}) 37. Nd6 (37. Nxb6 Qxb6 $17 {/\Nd3,Rf8}) 37... Rf8 38. Qb5 Nxb3
39. Rcd1 Qa5 40. Qc6 Qc5 $1 41. Qb7 Na5 42. Qe4 Re3 43. Qb1 b3 $19 44. Rd3 Rxd3
45. Qxd3 Qd5 46. Qg3 (46. Qxd5 Nxd5 47. Rb1 b2 $19 {/\Nb3-d2,Ra8-a1}) 46... g5
(46... Be5 $19) 47. Bxg5 Qxg5 48. Qd3+ Qg6 49. Ne4 b2 50. g3 Rd8 51. Qf3 (51.
Qxd8 Qxe4+ 52. Kh2 b1=Q 53. Rxb1 Qxb1 $19) 51... Nd5 52. Nf4 Nxf4 53. gxf4 Rf8
54. Nd2 Nc4 0-1

[Event "Paris"]
[Site "Paris"]
[Date "1994.??.??"]
[Round "4"]
[White "Rotstein, Arkadij"]
[Black "Goldin, Alexander"]
[Result "1-0"]
[WhiteElo "2480"]
[BlackElo "2585"]
[Annotator "Stohl,I"]
[PlyCount "93"]
[EventDate "1994.04.??"]
[EventType "tourn"]
[EventRounds "9"]
[EventCountry "FRA"]
[EventCategory "10"]
[SourceTitle "CBM 042"]
[Source "ChessBase"]
[SourceDate "1994.10.01"]
[SourceVersion "1"]
[SourceVersionDate "1994.10.01"]
[SourceQuality "1"]

1. c4 g6 2. Nc3 Bg7 3. d4 d6 4. e4 Nf6 5. f3 O-O 6. Bg5 c5 7. d5 e6 8. Qd2 exd5
9. cxd5 a6 10. a4 Nbd7 $6 (10... h6 $142 11. Be3 Re8 12. Nge2 Nbd7) 11. Nh3 h6
12. Be3 (12. Bxh6 $6 Nxe4 $1 13. Nxe4 Qh4+ 14. g3 Qxh6 15. Qxh6 Bxh6 16. Nxd6
Nf6 17. Nxc8 Raxc8 18. Bc4 Rfe8+ $44) 12... Ne5 13. Nf2 h5 14. Be2 Nh7 15. O-O
(15. h3 $5 f5 16. exf5 Bxf5 (16... gxf5 17. f4 $16 {/\Bh5}) 17. g4 Bd7 18. f4
Nf7 19. gxh5 (19. g5 $5 {פf7,Nh7} Re8 $132) 19... gxh5 20. Bxh5 Bf5 21. Rg1
Kh8 22. Rg2 Qe7 23. Kf1 Qh4 24. Bg4 Nh6 25. Qe2 Rae8 $44 {Schmid,M-Anka,E/Biel
op/1992/}) 15... f5 16. f4 (16. h3 Qh4 (16... Nf6 17. f4 Nf7 18. exf5 (18. e5
$5 $14) 18... gxf5 19. a5 Bd7 20. Na4 Qe7 21. Nb6 Rae8 22. Ra3 Bb5 23. Rc1 Nh6
24. Bf3 Nfg4 $5 $132 {Foisor,O-Schaufelberger,H/Biel op/1990/}) 17. f4 Nf7 18.
Bd3 fxe4 (18... Re8 $5 19. Rae1 Bd7 $13) 19. Nfxe4 Bf5 20. Bf2 Qe7 21. Rae1 Qd7
22. Ng3 Nh6 23. Nxf5 Nxf5 24. Re6 Rf6 25. Rfe1 $14 {Klebel,M-Borriss,M/2.BLO
9192/1991/}) 16... Nf7 (16... Ng4 17. Bxg4 hxg4 18. e5 $36) 17. e5 $1 $36 dxe5
$8 18. Bxc5 {><b6} Bh6 $5 (18... Re8 19. d6 $5) (18... Nd6 19. fxe5 (19. Nd3 $5
e4 20. Ne5 $36) 19... Bxe5 20. Nd3 $16) 19. Nd3 $1 (19. Bxf8 Bxf4 20. Qc2 Nxf8
$44 {[+]}) 19... e4 20. Ne1 (20. Bxf8 Bxf8 21. Ne1 Bc5+ 22. Kh1 Nf6 $132) 20...
Nd6 21. Nc2 $14 Nf6 (21... b6 22. Ba3 {/\Nd4|^,><c6,e6}) (21... Rf7 $5 22. a5
Bf8 $14) 22. a5 $1 Rf7 23. Na4 Bf8 24. b4 (24. Nb6 $2 Nc4 $1 $17) 24... Bd7 25.
Nb6 Rb8 26. Nd4 Nb5 (26... Nfe8 27. Ne6 $16) 27. Rfd1 Bd6 (27... Ne8 28. Nxb5
Bxb5 29. Bxb5 axb5 30. d6 $18) 28. Bxd6 (28. Nc4 $5 $36) 28... Nxd6 29. Ne6 Qe7
$8 30. Rac1 Nfe8 31. Nc5 Bb5 32. Bxb5 Nxb5 (32... axb5 33. Nbd7 Rd8 34. Ne5 Rf6
35. a6 $1 $16 {><c6}) 33. Nbd7 Rd8 34. Ne5 Rf6 $8 (34... Rg7 35. Ne6) 35. Qb2
Ned6 $2 (35... Rfd6 $2 36. Ne6 $18) (35... Nbd6 36. Ne6 Rc8 37. Rc5 $36) 36.
Ncd7 $1 $18 Rxd7 37. Nxd7 Rf7 38. Nc5 g5 $6 {׻} (38... Qf6 39. Qe5 $18) 39.
Ne6 gxf4 40. Rf1 f3 41. gxf3 $40 Rf6 42. Kh1 Kh7 43. Rg1 exf3 44. Qf2 $1 {
/\Qh4+-} Rg6 $8 45. Rxg6 Kxg6 46. Rg1+ Kh7 47. Qg3 1-0

[Event "Horgen"]
[Site "Horgen"]
[Date "1995.10.28"]
[Round "7"]
[White "Lautier, Joel"]
[Black "Kasparov, Garry"]
[Result "1/2-1/2"]
[WhiteElo "2645"]
[BlackElo "2795"]
[Annotator "Stohl,I"]
[PlyCount "53"]
[EventDate "1995.10.??"]
[EventType "tourn"]
[EventRounds "11"]
[EventCountry "SUI"]
[EventCategory "17"]
[SourceTitle "CBM 050"]
[Source "ChessBase"]
[SourceDate "1996.02.01"]
[SourceVersion "1"]
[SourceVersionDate "1996.02.01"]
[SourceQuality "1"]

1. d4 Nf6 2. c4 g6 3. Nc3 Bg7 4. e4 d6 5. f3 O-O 6. Bg5 (6. Be3 c5 7. d5 e6 8.
Qd2 exd5 9. cxd5 h5 10. Nge2 a6 11. a4 Nbd7 12. Nc1 Ne5 13. Be2 Re8 14. O-O Nh7
15. N1a2 f5 16. Rfe1 Bd7 17. exf5 Bxf5 18. h3 Nf6 19. f4 Nf7 20. Bf2 Qd7 21.
Bc4 Bh6 22. Bh4 Ne4 23. Nxe4 Bxe4 $15 {Brunner,L-Xie Jun/Shanghai m (1)/1995/})
6... c5 7. d5 a6 8. a4 h6 9. Be3 e6 10. Qd2 exd5 11. cxd5 Re8 12. Nge2 Nbd7 (
12... Kh7 13. Ng3 Nbd7 14. Be2 Rb8 15. O-O Ne5 16. h3 h5 17. Nh1 $1 Qa5 18. Nf2
Qb4 $2 19. Qc2 b5 20. axb5 axb5 21. Ra7 Nc4 22. Bc1 Nb6 23. Na2 {1-0/Benjamin,
J-Meyer,E/Las Vegas op/1995/}) (12... h5 $142 13. Nf4 $5 (13. Nc1 Nbd7 14. Be2
Rb8 (14... Nh7 15. O-O Ne5 16. N1a2 f5 17. b4 cxb4 18. Nxb4 f4 $1 19. Bf2 (19.
Bxf4 $2 Qb6+) 19... g5 20. a5 Qf6 21. Na4 g4 22. Kh1 Ng5 23. Nb6 gxf3 24. gxf3
Nexf3 25. Qd1 Nxh2 $1 $40 {Czerwonski,A-Cvitan,O/Katowice op/1992/}) 15. N1a2
b5 16. axb5 axb5 17. b4 $2 (17. Nxb5 $142) 17... Nxd5 $1 18. Bg5 Bf6 19. Bxf6
Qxf6 20. exd5 cxb4 21. Nxb4 Qh4+ 22. Kd1 Qxb4 23. Rb1 Qa5 24. Bxb5 Re7 25. Bxd7
Rxb1+ 26. Nxb1 Qa1 27. Bxc8 Qxb1+ 28. Qc1 Qb3+ 29. Qc2 Qxd5+ $15 {Quinteros,
M-Becerra,J/San Martin/1995/}) 13... Nbd7 14. Be2 Ne5 15. O-O Rb8 16. Kh1 Bd7
17. Rfb1 $1 b5 18. axb5 Bxb5 19. Nxb5 axb5 20. b3 Re7 21. Ra5 b4 22. Ra6 Reb7
23. Nd3 Nxd3 24. Bxd3 Ne8 25. f4 Nc7 26. Ra2 $14 {[+],Milanovic,D-Matulovic,M/
Pozarevac/1995/}) 13. Nd1 (13. Bxh6 $5 Nxe4 14. Nxe4 Qh4+ 15. g3 Qxh6 16. Qxh6
Bxh6 17. Nxd6 Rd8 18. Nc4 b5 19. axb5 Bb7 20. bxa6 Bxd5 21. Nc3 Bxf3 22. Rg1
Nb8 23. Kf2 Bb7 24. a7 Na6 25. Bg2 $16 {Cebalo,M-Rogic,D/CRO-Cup Pula/1995/}) (
13. Nc1 Nh7 14. Be2 Ne5 15. O-O g5 16. f4 (16. Rb1 f5 17. b4 f4 18. Bf2 b6 19.
N3a2 a5 20. bxc5 bxc5 21. Nc3 Nf8 22. Nb5 Nfg6 23. Nb3 h5 24. Nxa5 Qxa5 25.
Qxa5 Rxa5 26. Nxd6 $44 {Varga,Z-Loginov,V/Budapest Exp2/1993/}) 16... gxf4 17.
Bxf4 Qh4 18. Nd3 Ng5 19. Nxe5 Bxe5 20. Bxe5 dxe5 21. Qe3 f5 22. Qxc5 f4 23. Qf2
Qxf2+ 24. Rxf2 Bd7 25. h4 Nf7 26. g3 $1 $16 {Yusupov,A-Ermenkov,E/Tunis izt/
1985/}) (13. Ng3 $6 h5 14. Bg5 (14. Be2 h4 15. Nf1 Nh7 16. Bf2 Ne5 17. Ne3 Qg5
18. O-O f5 19. Kh1 f4 20. Nc4 Nxc4 21. Bxc4 Be5 22. Qe1 Qh6 23. Bxh4 g5 24. Bf2
Nf6 25. g3 Kf7 $40 {Novikov-Loginov /Volgodonsk otbor/1983/}) 14... Qa5 15. Ra3
Nh7 16. Be3 h4 17. Nge2 Ne5 18. Nc1 h3 19. Kf2 Qd8 20. g3 Qf6 21. Be2 Ng4+ 22.
Ke1 Nxe3 23. Qxe3 Qe7 24. Nb3 f5 $36 {Markmann,U-Hermesmann,H/2.BLW 9293/1993/}
) 13... Ne5 14. Nec3 (14. Bxh6 $2 Nxe4 15. fxe4 Qh4+ $17) 14... Bd7 $5 $146 (
14... Nh7 15. Be2 f5 16. O-O Nf7 17. Kh1 (17. Nf2 Bd7 18. Kh1 Rc8 19. Rac1 Nf6
20. exf5 Bxf5 21. Bd3 Bxd3 22. Qxd3 Ne5 23. Qc2 Kh7 24. Nh3 b5 $1 25. axb5 axb5
$132 {Foisor,O-Cvitan,O/Tbilisi/1986/}) 17... Nf6 18. exf5 Bxf5 19. g4 Bd7 20.
Bf4 b5 21. Ne3 Qe7 22. Ncd1 bxa4 23. Bd3 Bb5 24. Rf2 g5 25. Bg3 Ne5 $13 {
1/2/Kelecevic,N-Zueger,B/Bad Ragaz/1994/}) 15. Be2 Kh7 (15... Rb8 16. O-O h5 $5
$13) 16. O-O Rb8 17. a5 (17. Rb1 Qa5 $1 {[%cal Yb7b5] /\b5} (17... b5 18. axb5
axb5 19. b4 $14)) 17... b5 $5 18. axb6 Rxb6 19. Nf2 $5 (19. Bxa6 $2 Qa8 20. Qe2
Bc8 $17) (19. Rxa6 Rxa6 20. Bxa6 Qb6 21. Be2 Qb4 22. Nf2 Nc4 23. Bxc4 Qxc4 24.
Bf4 Qa6 $44 {[%csl Gd7,Gg7][%cal Ye8b8,Gb8b2] ^^,/\Rb8|^<->b}) 19... a5 $1 20.
Ra2 (20. Rxa5 Rxb2 21. Qxb2 Qxa5 22. Ra1 Qb4 $1 $15) 20... Rb4 $10 {[%csl Ra5,
Rb2] ><a5,b2} 21. Rfa1 Qb6 22. Rxa5 $1 (22. f4 $6 Neg4 23. Nxg4 Nxg4 $36 {
[%csl Re4] ><e4}) (22. Nfd1 Ra8 {/\a4|^}) 22... Rxb2 23. Qc1 Rb8 (23... Qb3 24.
Bd1 $14 {/\} Qb4 $2 25. f4 {[%cal Rf2d3] /\Nd3}) 24. Bd2 Qb3 {[%cal Rb2c2] /
\Rc2} 25. R5a3 (25. Bd1 $6 Qb4 26. f4 Nd3 $1 27. Nxd3 Qd4+ $40) 25... Qc2 26.
Qxc2 Rxc2 27. R3a2 (27. R3a2 Rbb2 28. Nfd1 $1 Rxa2 29. Rxa2 Rxa2 30. Nxa2 Ne8 {
[%cal Rf7f5] /\f5=}) 1/2-1/2